00686nam a22002172 4500001001100000005001700011008004100028020001700069040001500086100002800101245012200129250001300251260003100264300001500295650002700310650002800337650003000365650004000395650003000435852000300465000002389720151217154507.0130415s xx 000 0 eng d a0199534739 : aKABUcKABU1 aFarar, Tom.@000018367210aConfronting global terrorism and American neo-conservatism :bthe framework of a liberal grand strategy /cTom Farer. a1st ed. aOxford :bO. U. P.,c2008. ax, 257 p. 0aTerrorism.@0000159021 0aLiberalism.@0000183673 0aHuman rights.@0000150298 0aWar (International law)@0000178607 0aConservatism.@00001836741